[Event "Champagne Ardenne op 5th"]
[Site "Champagne Ardenne"]
[Date "2009.05.03"]
[Round "7"]
[White "Noizet, Regis"]
[Black "Biryukova, Alice"]
[Result "1-0"]
[WhiteElo "1790"]
[BlackElo "1412"]
[PlyCount "31"]
[EventDate "2009.05.01"]
[EventType "swiss"]
[EventRounds "7"]
[EventCountry "FRA"]
[SourceTitle "EXT 2010"]
[Source "ChessBase"]
[SourceDate "2010.11.25"]
[SourceVersion "1"]
[SourceVersionDate "2010.11.25"]
[SourceQuality "1"]

1. d4 d5 2. c4 Nc6 3. Nf3 Nf6 4. Nc3 Bf5 5. c5 Qd7 6. a3 0-0-0 7. Bf4 Ne4 8. e3 e5 9. Nxe5 f6 10. Nxd7 Rxd7 11. Bb5 g5 12. Nxe4 dxe4 13. Bg3 h5 14. Bxc6 bxc6 15. h4 Bxc5 16. Qa4 1-0

[Event "FRA-chT4 0506"]
[Site "France"]
[Date "2006.02.05"]
[Round "5"]
[White "Noizet, Regis"]
[Black "Pierquin, Bernard"]
[Result "0-1"]
[WhiteElo "1750"]
[BlackElo "1900"]
[PlyCount "104"]
[EventDate "2005.10.02"]
[EventType "team"]
[EventRounds "9"]
[EventCountry "FRA"]
[SourceTitle "EXT 2007"]
[Source "ChessBase"]
[SourceDate "2006.11.23"]
[SourceVersion "1"]
[SourceVersionDate "2006.11.23"]
[SourceQuality "1"]

1. d4 f5 2. c4 Nf6 3. Nc3 g6 4. Nf3 d6 5. d5 Bg7 6. e3 0-0 7. Bd3 e5 8. dxe6 Bxe6 9. 0-0 Nc6 10. Ng5 Bd7 11. Rb1 Ne5 12. f4 Nxd3 13. Qxd3 h6 14. Nf3 Re8 15. Nd4 a6 16. Bd2 c5 17. Nf3 Bc6 18. Rbe1 Qe7 19. Rf2 Rad8 20. Qc2 Qf7 21. b3 Ne4 22. Rfe2 Re7 23. Qc1 Red7 24. Rd1 b5 25. Nd5 Bxd5 26. cxd5 Re8 27. Be1 Rde7 28. Rd3 b4 29. Nd2 Nc3 30. Rxc3 Bxc3 31. Nc4 Qxd5 32. Bxc3 bxc3 33. Qxc3 Qe6 34. Kf2 g5 35. g3 g4 36. Qd2 Rd7 37. Nb6 Rc7 38. Nd5 Rf7 39. Nb6 Rd8 40. Nc4 d5 41. Ne5 Rc7 42. Qc2 d4 43. exd4 Rxd4 44. Nxg4 Re4 45. Rxe4 fxe4 46. Qxe4 Qxg4 47. h3 Qg7 48. Qe8+ Kh7 49. Qe4+ Qg6 50. f5 Rf7 51. g4 Qf6 52. h4 Qd4+ 0-1

[Event "FRA-chT4 0304"]
[Site "Champagne Ardenne"]
[Date "2004.03.14"]
[Round "6"]
[White "Noizet, Regis"]
[Black "Bourdens, Alain"]
[Result "0-1"]
[WhiteElo "1770"]
[BlackElo "1620"]
[PlyCount "90"]
[EventDate "2003.10.??"]
[EventRounds "6"]
[EventCountry "FRA"]
[SourceTitle "EXT 2005"]
[Source "ChessBase"]
[SourceDate "2004.11.15"]
[SourceVersion "1"]
[SourceVersionDate "2004.11.15"]
[SourceQuality "1"]

1. d4 e6 2. Nf3 d5 3. g3 Nf6 4. Bg2 c5 5. 0-0 Nc6 6. c3 Qb6 7. e3 Bd6 8. Nbd2 e5 9. dxc5 Bxc5 10. Nb3 Be7 11. Qc2 0-0 12. Nbd2 e4 13. Nd4 Ne5 14. Qb3 Bc5 15. Qxb6 Bxb6 16. b4 Bxd4 17. cxd4 Nc4 18. Nxc4 dxc4 19. Bb2 Be6 20. Bc3 b5 21. Rac1 Rfe8 22. h3 Bd5 23. g4 Nd7 24. Kh2 Nb6 25. Kg3 Na4 26. h4 Nxc3 27. Rxc3 a5 28. a3 axb4 29. axb4 Ra4 30. Rb1 g6 31. Bh3 Kg7 32. g5 Re7 33. Rb2 Ra1 34. Bg2 Rea7 35. Rcc2 R7a3 36. Re2 c3 37. Rbc2 Bc4 38. Bxe4 Bxe2 39. Rxe2 R3a2 40. Kf3 Rxe2 41. Kxe2 Ra2+ 42. Kd1 Rxf2 43. Bd3 Rd2+ 44. Kc1 Rxd3 45. Kc2 Rxe3 0-1

[Event "FRA-chT4 0102"]
[Site "Champagne Ardenne"]
[Date "2002.03.10"]
[Round "6"]
[White "Guilbaut, Bertrand"]
[Black "Noizet, Regis"]
[Result "1/2-1/2"]
[WhiteElo "1860"]
[BlackElo "1700"]
[PlyCount "63"]
[EventDate "2002.10.??"]
[EventType "team"]
[EventRounds "7"]
[EventCountry "FRA"]
[SourceTitle "EXT 2005"]
[Source "ChessBase"]
[SourceDate "2004.11.15"]
[SourceVersion "1"]
[SourceVersionDate "2004.11.15"]
[SourceQuality "1"]

1. c4 Nf6 2. Nc3 d6 3. g3 g6 4. Bg2 Bg7 5. Nf3 c6 6. 0-0 Nbd7 7. Rb1 0-0 8. Qc2 Nc5 9. d3 Bg4 10. b4 Ne6 11. b5 Bxf3 12. exf3 cxb5 13. Nxb5 a6 14. Nc3 Rb8 15. f4 b6 16. Re1 Qc7 17. Be3 Rfd8 18. Rb2 b5 19. cxb5 axb5 20. Rc1 b4 21. Ne2 Qxc2 22. Rbxc2 b3 23. axb3 Rxb3 24. Rc3 Rxc3 25. Rxc3 Nc5 26. Bxc5 dxc5 27. Rxc5 Rxd3 28. Rc8+ Bf8 29. Nc3 Kg7 30. Kf1 Rd2 31. Ne4 Nxe4 32. Bxe4 1/2-1/2

[Event "FRA-chT4 0102"]
[Site "Champagne Ardenne"]
[Date "2002.02.03"]
[Round "5"]
[White "Noizet, Regis"]
[Black "Pelade, Thierry"]
[Result "0-1"]
[WhiteElo "1700"]
[BlackElo "1700"]
[PlyCount "99"]
[EventDate "2002.10.??"]
[EventType "team"]
[EventRounds "7"]
[EventCountry "FRA"]
[SourceTitle "EXT 2005"]
[Source "ChessBase"]
[SourceDate "2004.11.15"]
[SourceVersion "1"]
[SourceVersionDate "2004.11.15"]
[SourceQuality "1"]

1. d4 d5 2. Nf3 Nf6 3. g3 Bg4 4. Bg2 e6 5. 0-0 h6 6. Ne5 c5 7. c4 cxd4 8. Qa4+ Nbd7 9. Nxg4 Nxg4 10. cxd5 exd5 11. Bxd5 Qb6 12. Nd2 Ngf6 13. Bf3 Bc5 14. Nb3 0-0 15. Nxc5 Qxc5 16. Bxb7 Nb6 17. Qa6 Rae8 18. b3 Qh5 19. Bf3 Qh3 20. Ba3 Nbd7 21. Bxf8 Ne5 22. Bg2 Qh5 23. h4 Rxf8 24. Rad1 Rd8 25. Qxa7 g5 26. Rxd4 Re8 27. Qa4 Qxe2 28. Bc6 Re6 29. Qa8+ Kg7 30. Bd5 Nxd5 31. Rxd5 gxh4 32. Rxe5 Qxe5 33. Qg2 hxg3 34. fxg3 Qe3+ 35. Qf2 Qxf2+ 36. Rxf2 Re3 37. Kg2 f6 38. Rf4 Re2+ 39. Kf3 Rxa2 40. b4 Kf7 41. g4 Ke6 42. Ke4 Ra4 43. Kd3 Ke5 44. Re4+ Kd6 45. Kc4 Ra1 46. Kb5 Kd5 47. Rc4 Rg1 48. Rc5+ Kd4 49. Rc6 Rf1 50. Rc4+ 0-1